| Tag |
First Indicator |
Second Indicator |
Subfields |
| LEADER |
00000cam a2200000Ia 4500 |
| 001 |
in00002354321 |
| 005 |
20151108060744.0 |
| 008 |
070910s2007 dcu 000 0 eng d |
| 020 |
|
|
|a 0844771988
|
| 020 |
|
|
|a 9780844771984
|
| 035 |
|
|
|a (OCoLC)ocn170923027
|
| 035 |
|
|
|a (OCoLC)170923027
|
| 040 |
|
|
|a YDXCP
|c YDXCP
|d BAKER
|d BTCTA
|d IAY
|d TXA
|d UtOrBLW
|
| 043 |
|
|
|a e------
|a aw-----
|
| 049 |
|
|
|a TXAM
|
| 050 |
|
0 |
|a DS63.2.E8
|b L49 2007
|
| 100 |
1 |
|
|a Lewis, Bernard,
|d 1916-
|
| 245 |
1 |
0 |
|a Europe and Islam /
|c Bernard Lewis.
|
| 264 |
|
1 |
|a Washington, D.C. :
|b AEI Press ;
|c [2007]
|
| 264 |
|
2 |
|a Blue Ridge Summit, PA :
|b Distributed to the trade by National Book Network,
|
| 264 |
|
4 |
|c ©2007
|
| 300 |
|
|
|a 21 pages ;
|c 22 cm.
|
| 336 |
|
|
|a text
|b txt
|2 rdacontent
|
| 337 |
|
|
|a unmediated
|b n
|2 rdamedia
|
| 338 |
|
|
|a volume
|b nc
|2 rdacarrier
|
| 490 |
1 |
|
|a Irving Kristol lecture ;
|v 2007
|
| 651 |
|
0 |
|a Europe
|x Foreign relations
|z Middle East.
|
| 651 |
|
0 |
|a Middle East
|x Foreign relations
|z Europe.
|
| 650 |
|
0 |
|a Islam
|x Relations
|x Christianity.
|
| 650 |
|
0 |
|a Christianity and other religions
|x Islam.
|
| 710 |
2 |
|
|a American Enterprise Institute for Public Policy Research.
|
| 830 |
|
0 |
|a Irving Kristol lecture ;
|v 2007.
|
| 938 |
|
|
|a YBP Library Services
|b YANK
|n 2612287
|
| 938 |
|
|
|a Baker & Taylor
|b BKTY
|c 5.00
|d 3.75
|i 0844771988
|n 0007431911
|s active
|
| 938 |
|
|
|a Baker and Taylor
|b BTCP
|n BK0007431911
|
| 945 |
|
|
|a PromptCat
|b 290794
|
| 946 |
|
|
|a stk
|
| 947 |
|
|
|a A14836520849
|
| 994 |
|
|
|a C0
|b TXA
|
| 948 |
|
|
|a cataloged
|b h
|c 2008/1/4
|d c
|e nbehmer
|f 12:08:03 pm
|
| 999 |
|
|
|a MARS
|
| 999 |
f |
f |
|s fb3e2d2f-6b5d-344c-ac73-09f415f6d2da
|i 95c99b64-1cf6-3fa4-b3ed-3e1e2db3d8c8
|t 0
|
| 952 |
f |
f |
|p normal
|a Texas A&M University
|b College Station
|c Sterling C. Evans Library
|d Evans: Library Stacks
|t 0
|e DS63.2.E8 L49 2007
|h Library of Congress classification
|i unmediated -- volume
|m A14836520849
|
| 998 |
f |
f |
|a DS63.2.E8 L49 2007
|t 0
|l Evans: Library Stacks
|